European real estate guide 2008 (Record no. 107830)

MARC details
000 -LEADER
fixed length control field 01113cad a22002295a 4500
001 - CONTROL NUMBER
control field L142019
008 - FIXED-LENGTH DATA ELEMENTS--GENERAL INFORMATION
fixed length control field 080122s2007 xxkad f s 000 0 eng d
035 ## - SYSTEM CONTROL NUMBER
System control number (Sirsi) u142019
041 0# - LANGUAGE CODE
Language code of text/sound track or separate title eng
050 04 - LIBRARY OF CONGRESS CALL NUMBER
Classification number 333.22 $2 18
110 2# - MAIN ENTRY--CORPORATE NAME
Corporate name or jurisdiction name as entry element Nelson Bakewell
9 (RLIN) 2525
245 00 - TITLE STATEMENT
Title European real estate guide 2008
Medium [electronic resource]
260 ## - PUBLICATION, DISTRIBUTION, ETC.
Place of publication, distribution, etc. [S.l.]
Name of publisher, distributor, etc. Nelson Bakewell
Date of publication, distribution, etc. 2008
490 #0 - SERIES STATEMENT
Series statement Nelson Bakewell European Real Estate Guide
Volume/sequential designation 2008
520 ## - SUMMARY, ETC.
Summary, etc. Offers an overview of the differences in commercial leasing practices across twenty six European countries. Includes a guide to prime rents, typical costs of buying and leasing property and landlord and tenant duties. Finds that despite high financial turmoil in 2007, most European cities' prime rents have grown or remained stable.
590 ## - LOCAL NOTE (RLIN)
Local note KA NTK
650 24 - SUBJECT ADDED ENTRY--TOPICAL TERM
Topical term or geographic name entry element NELSON BAKEWELL EUROPEAN REAL ESTATE GUIDE
651 #4 - SUBJECT ADDED ENTRY--GEOGRAPHIC NAME
Geographic name Europe
690 ## - LOCAL SUBJECT ADDED ENTRY--TOPICAL TERM (OCLC, RLIN)
Topical term or geographic name as entry element PROPERTY-COMMERCIAL PROPERTY-COMMERCIAL PROPERTY MARKET
856 40 - ELECTRONIC LOCATION AND ACCESS
Uniform Resource Identifier <a href="https://www.nelson-bakewell.com/">https://www.nelson-bakewell.com/</a>
Public note View this report free of charge under company, research at www. nelson-bakewell.com...
942 ## - ADDED ENTRY ELEMENTS (KOHA)
Suppress in OPAC 0
Holdings
Withdrawn status Lost status Source of classification or shelving scheme Damaged status Not for loan Home library Current library Shelving location Date acquired Total Checkouts Full call number Barcode Date last seen Copy number Price effective from Koha item type
    Dewey Decimal Classification     Virtual Virtual Online 22/01/2008   ONLINE PUBLICATION 142019-1001 06/08/2019 1 06/08/2019 Book